Quiz su CrazyGames - Statistics

Statistiche generali
  • Questo quiz è stato fatto 2 volte
  • Il punteggio medio è 5 su 9
Statistiche sulle risposte
Domanda Risposta % Corretto
Si possono creare giochi No
100%
Esiste Roblox No
100%
Si può giocare con amici Si
100%
Alcuni giochi sono violenti Si
100%
Pubblicità nel gioco 3
50%
Quanti giochi esistono +2000
0%
Persone che ci giocano +2000
0%
Gioco più simile a Minecraft BlockCraft
0%
Personaggio del sito logo come quello di messenger
0%
Nessun quiz corrispondente trovato
Distribuzione punteggi
Percentuale di utenti per punteggio
Percentile per numero di risposta
I tuoi punteggi nel tempo
Non hai fatto questo quiz